100 livres en un seul (Record no. 22059)

MARC details
000 -LEADER
fixed length control field 00645nam a22002177a 4500
003 - CONTROL NUMBER IDENTIFIER
control field OSt
005 - DATE AND TIME OF LATEST TRANSACTION
control field 20260513154437.0
008 - FIXED-LENGTH DATA ELEMENTS--GENERAL INFORMATION
fixed length control field 260513b |||||||| |||| 00| 0 eng d
020 ## - INTERNATIONAL STANDARD BOOK NUMBER
International Standard Book Number 2-501-01238-0
040 ## - CATALOGING SOURCE
Transcribing agency Chuka University Library
050 ## - LIBRARY OF CONGRESS CALL NUMBER
Classification number PN 6014
Item number .A76 1989
100 ## - MAIN ENTRY--PERSONAL NAME
Personal name Arnould Marianne
9 (RLIN) 24459
245 ## - TITLE STATEMENT
Title 100 livres en un seul
260 ## - PUBLICATION, DISTRIBUTION, ETC.
Place of publication, distribution, etc. Alleur , Belgium Paris France
Name of publisher, distributor, etc. MARIBOU
Date of publication, distribution, etc. 1989
300 ## - PHYSICAL DESCRIPTION
Extent 477p
650 ## - SUBJECT ADDED ENTRY--TOPICAL TERM
Topical term or geographic name entry element Literature Collections
9 (RLIN) 24460
650 ## - SUBJECT ADDED ENTRY--TOPICAL TERM
Topical term or geographic name entry element Literature History and Criticism
9 (RLIN) 24461
650 ## - SUBJECT ADDED ENTRY--TOPICAL TERM
Topical term or geographic name entry element Books and Readings
9 (RLIN) 24462
700 ## - ADDED ENTRY--PERSONAL NAME
Personal name Jean-Francois Coremans(Author)
9 (RLIN) 24463
942 ## - ADDED ENTRY ELEMENTS (KOHA)
Source of classification or shelving scheme Library of Congress Classification
Koha item type French Collection
Suppress in OPAC No
Holdings
Withdrawn status Lost status Source of classification or shelving scheme Damaged status Not for loan Collection Home library Current library Shelving location Date acquired Total Checkouts Full call number Barcode Date last seen Copy number Cost, replacement price Price effective from Koha item type
    Library of Congress Classification     General Collection Books Main Campus Library Main Campus Library General Stacks 13/05/2026   PN6014 .A76 1989 31108/2026 13/05/2026 1 447.76 13/05/2026 French Collection

Powered by Koha